Statistics for Top 5 Best NBA Teams since 2000

Click here to take the quiz!

General Stats

  • This quiz has been taken 48,242 times
    (17,083 since last reset)
  • The average score is 3 of 5

Answer Stats

% Team % Correct
70.2San Antonio Spurs
85%
54.9Miami Heat
81%
55.2Boston Celtics
78%
58.0Houston Rockets
51%
60.2Dallas Mavericks
51%

Score Distribution

Percentile by Number Answered

Percent of People with Each Score

Your Score History

You have not taken this quiz since the last reset